Superstitions - Statistics

General Stats
  • This quiz has been taken 79 times
  • The average score is 12 of 14
Answer Stats
Superstition Answer % Correct
It's considered bad luck if a _____ cat crosses your path. Black
100%
Don't walk under one of these! It brings bad luck! Ladder
95%
What rainy day item is thought to bring bad luck when opened indoors? Umbrella
95%
A four-leaf _____ brings good luck. Clover
93%
And on what day of the week is that number even worse? Friday
93%
What horse tack item supposedly brings good luck? Horseshoe / Shoe
89%
The foot of what animal is thought to be lucky? Rabbit
88%
Knock on ____! Wood
86%
What should you say to an actor before getting on stage? Break a leg
85%
This number is so unlucky, some buildings skip it when counting floors. Thirteen
85%
Oh no! I knocked over my salt shaker! What body part should I throw the spillage over? Shoulder
84%
Breaking a mirror brings how many years of bad luck? Seven
81%
Finding a _____ with the head up is good luck. Penny
77%
Bad luck comes in.... Three
56%
No matching quizzes found
Score Distribution
Percent of People with Each Score
Percentile by Number Answered
Your Score History
You have not taken this quiz